000 00543nam a22001577a 4500
005 20120502120841.0
020 _a8178350114
_c00.00
035 _aB-35182
037 _aDPL
_bENG
245 _aHuman rights :
_bGlobal issues /
_cedited by Pramod Mishra
260 _aDelhi
_bKalpaz Publications
_c2000
300 _avii, 389p.
_c20 cms.
700 _aMishra, Pramod
_946197
942 _2ddc
_cEN
_h323
_mHUM
999 _c65971
_d65971